<?xml version="1.0" encoding="UTF-8"?>
<record
    xmlns:xsi="http://www.w3.org/2001/XMLSchema-instance"
    xsi:schemaLocation="http://www.loc.gov/MARC21/slim http://www.loc.gov/standards/marcxml/schema/MARC21slim.xsd"
    xmlns="http://www.loc.gov/MARC21/slim">

  <leader>00418nam a22001457a 4500</leader>
  <controlfield tag="005">20260430113945.0</controlfield>
  <controlfield tag="008">170719b        xxu||||| |||| 00| 0 eng d</controlfield>
  <datafield tag="040" ind1=" " ind2=" ">
    <subfield code="c">PK-LaUMT</subfield>
  </datafield>
  <datafield tag="082" ind1=" " ind2=" ">
    <subfield code="a">ZIAC 297.05</subfield>
    <subfield code="b">ABU-T</subfield>
  </datafield>
  <datafield tag="100" ind1="1" ind2=" ">
    <subfield code="a">Maududi, Syed Abul Ala</subfield>
    <subfield code="9">11418</subfield>
  </datafield>
  <datafield tag="245" ind1=" " ind2=" ">
    <subfield code="a">Tarjuman ul Quran /</subfield>
    <subfield code="c">Syed Abul Ala Maududi</subfield>
  </datafield>
  <datafield tag="260" ind1=" " ind2=" ">
    <subfield code="a">&#x644;&#x627;&#x6C1;&#x648;&#x631;:</subfield>
    <subfield code="b">&#x627;&#x62F;&#x627;&#x631;&#x6C1; &#x62A;&#x631;&#x62C;&#x645;&#x627;&#x646; &#x627;&#x644;&#x642;&#x631;&#x622;&#x646;&#x60C;</subfield>
    <subfield code="c">2004</subfield>
  </datafield>
  <datafield tag="300" ind1=" " ind2=" ">
    <subfield code="a">559 &#x635;</subfield>
  </datafield>
  <datafield tag="942" ind1=" " ind2=" ">
    <subfield code="c">BK</subfield>
  </datafield>
  <datafield tag="999" ind1=" " ind2=" ">
    <subfield code="c">95360</subfield>
    <subfield code="d">95360</subfield>
  </datafield>
  <datafield tag="952" ind1=" " ind2=" ">
    <subfield code="0">0</subfield>
    <subfield code="1">0</subfield>
    <subfield code="4">0</subfield>
    <subfield code="7">0</subfield>
    <subfield code="a">01</subfield>
    <subfield code="b">01</subfield>
    <subfield code="d">2017-07-19</subfield>
    <subfield code="l">0</subfield>
    <subfield code="o">ZIAC 297.05 ABU-T</subfield>
    <subfield code="p">110954</subfield>
    <subfield code="r">2017-07-19 00:00:00</subfield>
    <subfield code="w">2017-07-19</subfield>
    <subfield code="y">BK</subfield>
  </datafield>
</record>
